Ma thuật và thuật phù thủy ở Philippin
Giới thiệu về thuật phù thủy. Đề cập đến nền tảng y học của thuật phù thủy; thuật phù thủy và xã hội cebuano
Đã lưu trong:
| Tác giả chính: | |
|---|---|
| Định dạng: | Sách |
| Năm xuất bản: |
H.
Văn hóa thông tin
1999
|
| Chủ đề: | |
| Tags: |
Thêm thẻ
Không có thẻ, Hãy là người đầu tiên gắn thẻ bản ghi này!
|
| LEADER | 01116nam a2200205 4500 | ||
|---|---|---|---|
| 082 | |a 299.94 |b L300l. | ||
| 100 | |a Lieban, Richard W | ||
| 245 | |a Ma thuật và thuật phù thủy ở Philippin |c Richard W Lieban; Phạm Minh Thảo, Nguyễn Kim Loan dịch | ||
| 260 | |a H. |b Văn hóa thông tin |c 1999 | ||
| 300 | |a 245 tr. |c 19 cm. | ||
| 520 | |a Giới thiệu về thuật phù thủy. Đề cập đến nền tảng y học của thuật phù thủy; thuật phù thủy và xã hội cebuano | ||
| 653 | |a Tôn giáo | ||
| 653 | |a Ma thuật | ||
| 653 | |a Phù thủy | ||
| 653 | |a Philippin | ||
| 942 | |2 ddc |c STK0 | ||
| 999 | |c 8938 |d 8938 | ||
| 952 | |0 0 |1 0 |2 ddc |4 0 |6 299_940000000000000_L300L |7 0 |8 200 |9 73580 |a qbu |b qbu |c D2 |d 2015-05-04 |g 22000 |o 299.94 L300l. |p 8481.c1 |r 0000-00-00 |w 2015-05-04 |y STK0 | ||
| 952 | |0 0 |1 0 |2 ddc |4 0 |6 299_940000000000000_L300L |7 0 |8 200 |9 73581 |a qbu |b qbu |c D2 |d 2015-05-04 |g 22000 |o 299.94 L300l. |p 8481.c2 |r 0000-00-00 |w 2015-05-04 |y STK0 | ||
| 952 | |0 0 |1 0 |2 ddc |4 0 |6 299_940000000000000_L300L |7 0 |8 200 |9 73582 |a qbu |b qbu |c D2 |d 2015-05-04 |g 22000 |l 1 |o 299.94 L300l. |p 8481.c3 |r 2017-04-11 |s 2017-03-31 |w 2015-05-04 |y STK0 | ||